000 01050nam a22002417a 4500
003 OSt
005 20250910093118.0
008 240226b ||||| |||| 00| 0 eng d
040 _c0
082 _aDPer 621.317 Ie21 June 2022 v. 37 n. 6
100 _aShen, Zheng John.
_eauthor.
_953340
245 _aA series-type hybrid circuit breaker concept for ultrafast DC fault protection /
_cZheng John Shen, Yuanfeng Zhou, Risha Na, Triston Cooper, Mahmoud Al Ashi, and Thomas Wong.
260 _aNew York ;
_bThe Institute of Electrical and Electronics Engineers, Inc. ,
_cJune 2022.
300 _aVolume 37, pages 6275-6279 :
_billustration ;
_c29 cm.
500 _aIEEE Transactions on Power Electronics, vol. 37, no. 6, pages 6275-6279, June 2022.
700 _aShen, Zheng John.
_eauthor.
_953340
700 _aZhou, Yuanfeng.
_eauthor.
_953341
700 _aNa, Risha.
_eauthor.
_953342
700 _aCooper, Triston.
_eauthor.
_953343
700 _aAshi, Mahmoud Al.
_eauthor.
_953344
700 _aWong, Thomas.
_eauthor.
_953345
942 _2ddc
_cPER
999 _c19358
_d19358